|
|
|
|
| LEADER |
00000nkm a2200000 a 4500 |
| 001 |
vtls011586797 |
| 003 |
SK-MaSNL |
| 005 |
20260512124031.0 |
| 007 |
kp bo |
| 008 |
231214s1965 xo g kuslo |
| 015 |
|
|
|a SNBG
|
| 035 |
|
|
|a urn:nbn:sk:snk-km00coup
|
| 035 |
|
|
|a urn:nbn:sk:snk-km3lq7y
|
| 035 |
|
|
|a CE9550A7-A2EA-4183-925C-6DA3619AB3E0
|
| 040 |
|
|
|a SNK
|b slo
|c SNK
|e AACR2
|
| 041 |
0 |
|
|a slo
|
| 043 |
|
|
|a e-xo---
|
| 044 |
|
|
|a xo
|c SK
|
| 080 |
|
|
|a 711.436(437.6)
|2 2011
|
| 080 |
|
|
|a 913(437.6)
|2 2011
|
| 080 |
|
|
|a 551.24.055(234.372.4)
|2 2011
|
| 080 |
|
|
|a (234.372.4)
|2 2011
|
| 080 |
|
|
|a (437.6)
|2 2011
|
| 080 |
|
|
|a (084.121)
|2 2011
|
| 100 |
1 |
|
|a Hajduch, Ján,
|d 1906-1972
|4 pht
|9 98286
|
| 245 |
1 |
0 |
|a Donovaly
|h grafika
|c foto Ján Hajduch
|
| 260 |
|
|
|a [Bratislava]
|b VPL
|c 1965
|
| 300 |
|
|
|a 1 pohľadnica
|b čiernobiela
|c 11 x 15 cm
|
| 520 |
8 |
|
|a Zobrazenie: celkový pohľad na Donovaly v zime
|
| 651 |
|
7 |
|a Donovaly (Slovensko)
|2 SNKPH
|9 14559
|
| 651 |
|
7 |
|a Starohorské vrchy (Slovensko : pohorie)
|2 SNKPH
|9 67435
|
| 651 |
|
7 |
|a Veľká Fatra (Slovensko : pohorie)
|2 SNKPH
|9 24653
|
| 651 |
|
7 |
|a Banská Bystrica (Slovensko : okres)
|2 SNKPH
|9 74246
|
| 655 |
|
7 |
|a miestne pohľadnice
|2 SNKPH
|9 70510
|
| 852 |
|
|
|a Slovenská národná knižnica
|
| 958 |
|
|
|a GC
|
| 958 |
|
|
|a GBN
|
| 958 |
|
|
|a OND
|
| 999 |
|
|
|c 847950
|d 849880
|
| 952 |
|
|
|a SNK
|b SNK
|y PREZ
|7 0
|p 17A1214310
|o snkSP 10814
|0 0
|1 0
|4 0
|d 2016-10-17
|f 1
|l 0
|r 2026-02-24 04:32:36
|w 2026-02-24
|